| 000 | 02299 a2200217 4500 | ||
|---|---|---|---|
| 001 | 43568 | ||
| 005 | 20260407155717.0 | ||
| 008 | 260407a1970 arg spa d | ||
| 003 | AR-UNSa-BCEJYS | ||
| 040 |
_aAR-UNSa-BCEJYS _bspa _cAR-UNSa-BCEJYS |
||
| 080 |
_a94:33 _xHistoria económica |
||
| 245 | 1 | 0 | _aHistoria económica mundial |
| 250 | _a3a. ed. | ||
| 264 | 1 |
_aMadrid : _bEdiciones Rialp _c1970 |
|
| 300 |
_a446 p. _c23 cm. |
||
| 505 | _aVol. I - Prehistoria y mundo antiguo: - 1. Las civilizaciones prehistóricas - 2. Principales civilizaciones en la edad del bronce - 3. Las civilizaciones del hierro - 4. La Grecia clásica - 5. La economía en la época helenística - 6. El mundo económico romano - La edad media: Primera parte: Economía rural. siglo V-XI: - 7. La explotación y la producción agrícola - 8. El comercio y la industria - Segunda parte: Economía urbana. Siglo XI-XV: - 9. La economía urbana - 10. La evolución demográfica - 11. Progreso y crisis agrícola - 12. LA producción industrial - 13. La organización del trabajo - 14. El comercio internacional. Rutas, transporte y organización - 15. Los centros y las direcciones del comercio internacional - 16. Las compañías mercantiles - 17. Régimen y circulación monetaria - 18. Los instrumentos de pago y crédito - 19. Instituciones crediticias y bancarias - 20. Evolución de la conyuntura económica - 21. La mentalidad económica medieval - Edad moderna: Primera parte: El capitalismo comercial - 22. La primera época capitalista - 23. El marco político y doctrinal de la nueva época - 24. Las estructuras y movilidad demográficas - 25. La estructura y la producción agrícola - 26. El comercio colonial - 27. El comercio europeo. Rutas, puertos, tráficos - 28. La producción industrial. Técnica, organización, repartición geográfica - 29. Firmas capitalistas y sociedades por acciones - 30. La circulación monetaria. Moneda metálica e instrumentos de crédito - 31. Las instituciones bancarias - 32. El mercado financiero. Ferias y bolsas - 33. La hacienda y el crédito estatal. La deuda pública - 34. La tendencia coyuntural. Precios, salarios, situación social | ||
| 041 | _aspa | ||
| 942 | _cBK | ||
| 590 | _aniveau_biblio:m niveau_hierar:0 | ||
| 100 | 1 | _aVazquez de Prada, Valentin | |
| 999 |
_c3700 _d3700 |
||